=LDR 00000nam 2200000 4500 =001 INLIS000000000035501 =005 20130612141344 =008 ***********************************ind** =035 ##$$0010-061300000035501 =041 ##$$a ind =082 ##$$a 746.44 =090 ##$$a 746.44, Sop b =100 ##$$a Sophia, Agha =245 ##$$a Belajar menyulam benang untuk pemula/Oleh Agha Sophia; Penyunting, Cisca =260 ##$$a 2008 $b Yogyakarta =300 ##$$a vi,74 hlm., Ilus., 22 cm =650 ##$$a Sulaman =700 ##$$a Cisca =850 ##$$a NBPNMAT